Kvalita ako významný faktor konkurencieschopnosti bakalárska práca

Gespeichert in:
Bibliographische Detailangaben
1. Verfasser: Kerpánová, Tímea
Körperschaft: Obchodná fakulta EU. Katedra tovaroznalectva a kvality tovaru
Weitere Verfasser: Lacková, Alica
Format: Buch
Sprache:Slowakisch
Veröffentlicht: Bratislava 2009
Tags: Tag hinzufügen
Keine Tags, Fügen Sie das erste Tag hinzu!

MARC

LEADER 00000nam$a2200000$$$4500
001 0142228
005 20240319125424.2
041 0 |a slo 
044 |a SK 
245 1 0 |a Kvalita ako významný faktor konkurencieschopnosti  |b bakalárska práca  |c Tímea Kerpánová ; školiteľ: Alica Lacková 
264 1 |a Bratislava  |c 2009 
300 |a 59 s. 
100 1 |a Kerpánová, Tímea 
700 1 |a Lacková, Alica 
710 2 |a Obchodná fakulta EU. Katedra tovaroznalectva a kvality tovaru